000 00577nam a2200229Ia 4500
003 OSt
005 20230517142113.0
008 210423s2013 xx 000 0 und d
020 _a9781555818920
040 _cAL
041 _aeng
082 _a589.9 SNYL
_223
100 _aSNYDER (Larry);others.
_9106742
245 _aMolecular genetics of bacteria.
250 _a4
260 _aNew York
_bASM Publishers
_c2013
300 _axx,707
_bPB
365 _b3495
_cINR
650 _aThallophyta
_9106743
906 _abacteria. ; genetics ; Molecular
942 _2ddc
_cBK
999 _c164904
_d164904